00395nam a2200145Ia 4500082001200000100001600012245004700028260003000075300001700105650002400122650002400146650003700170650002200207710002000229 aTG.0079 aGupta, Asha 0aPolitical thought of Acharya Narendra Deva c1985bUniversity of Delhi a297eC D -21 aPolitical behaviour aPolitical sociology aNarendra DevavViews on politics aSocialistsvIndia aSankhdher, M.M.